| 000 | 00581nam a2200217Ia 4500 | ||
|---|---|---|---|
| 003 | OSt | ||
| 005 | 20220928144324.0 | ||
| 006 | a|||||r|||| 00| 0 | ||
| 007 | ta | ||
| 008 | 220927b |||||||| |||| 00| 0 eng d | ||
| 024 | _a65029 | ||
| 037 | _cTextual | ||
| 040 |
_aSDCL _cSDCL _beng |
||
| 041 |
_2eng _aeng |
||
| 082 | _aR39(Y15), N6 | ||
| 100 |
_aBabbitt Susan E _9507593 |
||
| 245 | 0 |
_aImpossible dreams _b Rationality,integrity,and moral imagination |
|
| 260 | _c1996 | ||
| 942 |
_hR39(Y15), N6 _cTEXL _2CC |
||
| 999 |
_c827016 _d827016 |
||